000 01348cam a2200337 a 4500
001 3090714
003 OSt
005 20240621123412.0
008 981023s1999 nyua b 001 0 eng
010 _a 98049427
020 _a0521474477 (hardbound)
040 _aDLC
_cMUST
_dDLC
041 1 _aeng
_hfre
043 _an-mx---
082 0 0 _a531.4 FRA 1999
100 1 _aFrankel, Charles.
_917584
240 1 0 _aMort des dinosaures.
_lEnglish
245 1 4 _aThe end of the dinosaurs :
_bChicxulub crater and mass extinctions /
_cCharles Frankel.
260 _aNew York :
_bCambridge University Press,
_c1999.
300 _axii, 223 p. :
_bill. ;
_c24 cm.
504 _aIncludes bibliographical references and index.
650 0 _aCatastrophes (Geology)
_917585
650 0 _aExtinction (Biology)
_97905
650 0 _aCryptoexplosion structures
_zMexico
_zCampeche, Bay of, Region.
_917586
651 0 _aChicxulub Crater.
_917587
856 4 2 _3Publisher description
_uhttp://www.loc.gov/catdir/description/cam029/98049427.html
856 4 1 _3Table of contents
_uhttp://www.loc.gov/catdir/toc/cam021/98049427.html
906 _a7
_bcbc
_corignew
_d1
_eocip
_f19
_gy-gencatlg
942 _2ddc
_cO_SHELF
999 _c8697
_d8697